000 00966nam a2200193Ia 4500
999 _c36294
_d36294
001 2201
003 GE_BSU
005 20190520213601.0
008 181216s1974||||ge |||||||||||||| ||geo||
040 _cGE_BSU
041 _ageo
080 _a94(1-87(075.8) ნ-24
100 _aნანიტაშვილი, ნ.
_91456
245 _aსაზღვარგარეთის ქვეყნების უახლესი ისტოტრია /
_bნაწ. 1. 1917–1945 წ.წ.; დამხმ. სახელმძღვ. პედ. ინ-ტების არასპეციალური ფაკ-ტების სტუდენტებისათვის.
264 _aთბილისი :
_bგანათლება,
_c1974.
300 _a246 გვ. ;
_b26 სმ.
653 _a საზღვარგარეთის ქვეყნების უახლესი ისტორია
942 _cBK
_2udc